• 首页
  • 本馆介绍
  • 公告通知
  • 最新文献
  • 馆藏检索
  • 电子资源
  • 读者导购
  • 参考咨询
  • 我的图书馆
  • 登录
  • 详细信息显示
  • 放入我的书架
  • 预约/预借图书
  • 作者相关作品
  • 分类相关作品
  • 丛书相关作品
  • 出版社相关作品

书目信息

  • 表格格式
  • 工作单格式
  • 卡片格式
题名:
贵金属分离与精炼工艺学
    
 
作者: 余建民 编著
分册:  
出版信息: 北京   化学工业出版社  2006
页数: 272页
开本: 25cm
丛书名:
单 册:
中图分类: TF83
科图分类:
主题词: 贵金属--分离法 , 贵金属--精炼(冶金) , 贵金属 , 分离法 , 精炼(冶金)
电子资源:
ISBN: 7-5025-9008-0
000 00859nam0 2200277 450
001 012007014792
005 20070517113132.87
010    @a7-5025-9008-0@b精装@dCNY45.00
100    @a20070508d2006 km y0chiy0120 ea
101 0  @achi
102    @aCN@b110000
105    @aa z 000yy
106    @ar
200 1  @a贵金属分离与精炼工艺学@Agui jin shu fen li yu jing lian gong yi xue@f余建民编著@Fyu jian min bian zhu
210    @a北京@c化学工业出版社@d2006
215    @a272页@c图@d25cm
330    @a本书介绍了贵金属的主要物理化学性质和性质和贵金属的重要化合物及配合物,以用贵金属分离方法和分离工艺流程。
606 0  @a贵金属@x分离法
606 0  @a贵金属@x精炼(冶金)
606 0  @a贵金属
606 0  @a分离法
606 0  @a精炼(冶金)
690    @aTF83@v4
701  0 @a余建民@Ayu jian min@4编著
801  0 @aCN@bRULIN@c20070517
905    @dTF83@e26@s10
    
    贵金属分离与精炼工艺学/余建民编著.-北京:化学工业出版社,2006
    272页:图;25cm
    
    
    ISBN 7-5025-9008-0(精装):CNY45.00
    本书介绍了贵金属的主要物理化学性质和性质和贵金属的重要化合物及配合物,以用贵金属分离方法和分离工艺流程。
●
相关链接 在E读中查询图书 在五车中查询图书 在当当中查询图书 在豆瓣中查询图书


正题名:贵金属分离与精炼工艺学     索取号:TF83/26         预约/预借

序号 登录号 条形码 馆藏地/架位号 状态 备注
1 0578771   205787718   第二样本阅览室/ [索取号:TF83/26] 在馆    
2 0578772   205787727   密集书库/ [索取号:TF83/26] 在馆    
3 0578773   205787736   密集书库/ [索取号:TF83/26] 在馆    
4 0578774   205787745   密集书库/ [索取号:TF83/26] 在馆    
5 0578775   205787754   密集书库/ [索取号:TF83/26] 在馆    
6 0578776   205787763   密集书库/ [索取号:TF83/26] 在馆    
7 0578777   205787772   第三借阅区/ [索取号:TF83/26] 在馆    
8 0578778   205787781   第三借阅区/ [索取号:TF83/26] 在馆    
9 0578779   205787790   密集书库/ [索取号:TF83/26] 在馆    
10 0578780   205787807   密集书库/ [索取号:TF83/26] 在馆    
唐山师范学院图书馆 欢迎您!
大连网信软件有限公司© 版权所有